[Event "Skakligaen 2019-20"]
[Site "Denmark"]
[Date "2020.01.11"]
[Round "4.2"]
[White "Bjerre, Jonas Buhl"]
[Black "Rasmussen, Karsten"]
[Result "1-0"]
[WhiteElo "2529"]
[BlackElo "2417"]
[PlyCount "71"]
[EventDate "2019.11.23"]
[EventType "team-tourn"]
[EventRounds "9"]
[WhiteTeam "Skanderborg"]
[BlackTeam "Aarhus Skolerne"]
[WhiteTeamCountry "DEN"]
[BlackTeamCountry "DEN"]

1. e4 c6 2. d4 d5 3. e5 Bf5 4. Nd2 e6 5. Nb3 Nd7 6. Nf3 Ne7 7. Be2 Nc8 8. O-O
Be7 9. a4 O-O 10. a5 a6 11. Bd3 Bxd3 12. Qxd3 Na7 13. Re1 Rc8 14. c3 Nb5 15.
Bf4 c5 16. dxc5 Nxc5 17. Nxc5 Rxc5 18. Ra4 Qc8 19. Be3 Rc4 20. Rxc4 dxc4 21.
Qe4 Bd8 22. Ra1 f5 23. exf6 gxf6 24. Bh6 Rf7 25. Qg4+ Kh8 26. Qh5 Kg8 27. Re1
e5 28. Re4 Nd6 29. Rg4+ Kh8 30. Nh4 Qd7 31. Ng6+ hxg6 32. Qxg6 Qxg4 33. Qxg4
Bxa5 34. Be3 Bc7 35. Bc5 f5 36. Qg6 1-0

[Event "Skakligaen 2019-20"]
[Site "Denmark"]
[Date "2020.01.11"]
[Round "4.3"]
[White "Skytte, Rasmus"]
[Black "Ochsner, Bjorn Moller"]
[Result "1/2-1/2"]
[WhiteElo "2373"]
[BlackElo "2491"]
[PlyCount "59"]
[EventDate "2019.11.23"]
[EventType "team-tourn"]
[EventRounds "9"]
[WhiteTeam "Aarhus Skolerne"]
[BlackTeam "Skanderborg"]
[WhiteTeamCountry "DEN"]
[BlackTeamCountry "DEN"]

1. e4 c5 2. Nc3 d6 3. d4 cxd4 4. Qxd4 Nc6 5. Qd2 g6 6. b3 Bh6 7. f4 f5 8. Bb2
Nf6 9. Bd3 Qa5 10. Nge2 fxe4 11. Nxe4 Qxd2+ 12. Nxd2 Rf8 13. a3 Nd7 14. g3 Nc5
15. Bb5 a6 16. Bxc6+ bxc6 17. Nc4 Bh3 18. O-O-O g5 19. Rhe1 gxf4 20. Nxf4 Ne6
21. Kb1 Bxf4 22. gxf4 Rxf4 23. Nxd6+ exd6 24. Rxd6 Ke7 25. Rxc6 Kd7 26. Rb6 Rc8
27. Rd1+ Ke8 28. Rxa6 Bf5 29. Rg1 Nc5 30. Rf6 1/2-1/2

[Event "Skakligaen 2019-20"]
[Site "Denmark"]
[Date "2020.01.11"]
[Round "4.4"]
[White "Olsen, Filip Boe"]
[Black "Vinther Schou, Uffe"]
[Result "1/2-1/2"]
[WhiteElo "2348"]
[BlackElo "2361"]
[PlyCount "126"]
[EventDate "2019.11.23"]
[EventType "team-tourn"]
[EventRounds "9"]
[WhiteTeam "Skanderborg"]
[BlackTeam "Aarhus Skolerne"]
[WhiteTeamCountry "DEN"]
[BlackTeamCountry "DEN"]

1. d4 Nf6 2. c4 e6 3. Nf3 b6 4. g3 Ba6 5. Qc2 c5 6. d5 exd5 7. cxd5 g6 8. Bg2
d6 9. O-O Bg7 10. Re1 O-O 11. e4 Nbd7 12. Bf4 Ne8 13. Bg5 f6 14. Be3 Nc7 15. a4
Qe7 16. Nc3 Bb7 17. Qb3 Na6 18. Nb5 Ne5 19. Nxe5 fxe5 20. a5 Nb4 21. axb6 axb6
22. Bd2 Ba6 23. Bxb4 Bxb5 24. Bxc5 bxc5 25. Rxa8 Rxa8 26. Qxb5 Qc7 27. b4 cxb4
28. Qxb4 Ra2 29. Bh3 h5 30. Be6+ Kh7 31. Qb3 Qa7 32. Qf3 Ra3 33. Qe2 Ra2 34.
Qe3 Qxe3 35. Rxe3 Bh6 36. Rf3 Ra7 37. Rb3 Bc1 38. Kg2 Kg7 39. Rb1 Rc7 40. Rb6
Ba3 41. Ra6 Bc5 42. f4 Ra7 43. Rxa7+ Bxa7 44. fxe5 dxe5 45. d6 Kf6 46. d7 Bb6
47. Bb3 g5 48. Kh3 Ke7 49. Bd1 Kxd7 50. Bxh5 Ke6 51. Kg4 Kf6 52. Be8 Be3 53. h4
gxh4 54. gxh4 Kg7 55. Kf5 Bf4 56. h5 Kh8 57. Kg6 Bh2 58. h6 Bf4 59. Bf7 Bh2 60.
Bd5 Bf4 61. Ba8 Be3 62. Bb7 Bd2 63. Ba8 Be3 1/2-1/2

[Event "Skakligaen 2019-20"]
[Site "Denmark"]
[Date "2020.01.11"]
[Round "4.5"]
[White "Sobjerg, Erik"]
[Black "Pedersen, Nicolai Vesterbaek"]
[Result "0-1"]
[WhiteElo "2289"]
[BlackElo "2391"]
[PlyCount "64"]
[EventDate "2019.11.23"]
[EventType "team-tourn"]
[EventRounds "9"]
[WhiteTeam "Aarhus Skolerne"]
[BlackTeam "Skanderborg"]
[WhiteTeamCountry "DEN"]
[BlackTeamCountry "DEN"]

1. e4 c6 2. d4 d6 3. Nc3 b5 4. Nf3 b4 5. Ne2 g6 6. Be3 Bg7 7. a3 Nf6 8. Ng3 h5
9. h4 bxa3 10. Rxa3 Ng4 11. Bg5 Nd7 12. Be2 Rb8 13. O-O Rxb2 14. Rxa7 O-O 15.
c3 f6 16. Bc1 Rb8 17. Bc4+ Kh8 18. Nh2 Nxh2 19. Kxh2 Rb1 20. Bd3 Rxc1 21. Qxc1
e5 22. Qd2 c5 23. Bb5 cxd4 24. cxd4 exd4 25. Rd1 Nc5 26. Qa5 Qxa5 27. Rxa5 Bb7
28. Ra7 f5 29. exf5 Be5 30. Kg1 gxf5 31. Bc4 f4 32. Nxh5 Be4 0-1

[Event "Skakligaen 2019-20"]
[Site "Denmark"]
[Date "2020.01.11"]
[Round "4.6"]
[White "Hansen, Mads"]
[Black "Sogaard, Soren"]
[Result "0-1"]
[WhiteElo "2408"]
[BlackElo "2248"]
[PlyCount "93"]
[EventDate "2019.11.23"]
[EventType "team-tourn"]
[EventRounds "9"]
[WhiteTeam "Skanderborg"]
[BlackTeam "Aarhus Skolerne"]
[WhiteTeamCountry "DEN"]
[BlackTeamCountry "DEN"]

1. e4 e6 2. d4 d5 3. Nc3 Bb4 4. e5 Qd7 5. a3 Bxc3+ 6. bxc3 b6 7. Qg4 f5 8. Qg3
Nc6 9. h4 Bb7 10. Nh3 O-O-O 11. Nf4 Qf7 12. a4 Na5 13. Ba3 Ne7 14. Bd3 Kb8 15.
Rh3 Nec6 16. Qg5 Nc4 17. Bxc4 dxc4 18. Rg3 Rhg8 19. h5 Qd7 20. Kf1 a5 21. h6 g6
22. Qf6 Rde8 23. d5 Nd8 24. d6 c5 25. Bc1 Rgf8 26. Qh4 Nf7 27. Nh3 Nxe5 28. Bg5
Nc6 29. Rd1 e5 30. f4 e4 31. Bf6 Re6 32. Bg7 Rd8 33. Re3 Rxd6 34. Rde1 Rd2 35.
Ng5 Nd4 36. cxd4 cxd4 37. Ra3 e3 38. Ne6 Rf2+ 39. Kg1 Rxg2+ 40. Kf1 Rf2+ 41.
Kg1 Qc6 42. Qxd8+ Ka7 43. Qxb6+ Kxb6 44. Bxd4+ Ka6 45. Nc5+ Ka7 46. Ne4+ Ka8
47. Rexe3 0-1

[Event "Skakligaen 2019-20"]
[Site "Denmark"]
[Date "2020.01.11"]
[Round "4.7"]
[White "Dumas, Charles"]
[Black "Rostgaard, Tobias Valentin"]
[Result "0-1"]
[WhiteElo "2254"]
[BlackElo "2357"]
[PlyCount "58"]
[EventDate "2019.11.23"]
[EventType "team-tourn"]
[EventRounds "9"]
[WhiteTeam "Aarhus Skolerne"]
[BlackTeam "Skanderborg"]
[WhiteTeamCountry "DEN"]
[BlackTeamCountry "DEN"]

1. e4 g6 2. d4 Bg7 3. Nc3 d6 4. Be3 a6 5. Qd2 b5 6. Bd3 Bb7 7. Nce2 Nd7 8. f3
c5 9. c3 e5 10. Nh3 exd4 11. cxd4 cxd4 12. Nxd4 Ne5 13. Nf4 Nf6 14. O-O O-O 15.
a4 bxa4 16. Rxa4 d5 17. Nb3 dxe4 18. Bxe4 Nxe4 19. fxe4 Qxd2 20. Bxd2 Bc6 21.
Rb4 Bb5 22. Rc1 g5 23. Nh3 Nd3 24. Nxg5 Nxc1 25. Nxc1 Rfd8 26. Nf3 Bf8 27. Rb3
Rxd2 28. Nxd2 Bc5+ 29. Kh1 Rd8 0-1

[Event "Skakligaen 2019-20"]
[Site "Denmark"]
[Date "2020.01.11"]
[Round "4.8"]
[White "Brondt, Nicolai Kvist"]
[Black "Hagen, Kresten Skytte"]
[Result "1-0"]
[WhiteElo "2244"]
[BlackElo "2167"]
[PlyCount "61"]
[EventDate "2019.11.23"]
[EventType "team-tourn"]
[EventRounds "9"]
[WhiteTeam "Skanderborg"]
[BlackTeam "Aarhus Skolerne"]
[WhiteTeamCountry "DEN"]
[BlackTeamCountry "DEN"]

1. d4 Nf6 2. Nf3 e6 3. c4 c5 4. e3 a6 5. Nc3 Qc7 6. Be2 d6 7. O-O Nbd7 8. b3 b6
9. Bb2 Bb7 10. Qc2 Be7 11. Rad1 O-O 12. Rfe1 Rac8 13. d5 e5 14. Nd2 Ne8 15. f4
exf4 16. exf4 Bf6 17. Nf3 g6 18. Bd3 Bg7 19. Ne4 Nef6 20. Neg5 Rce8 21. f5 h6
22. fxg6 Rxe1+ 23. Rxe1 hxg5 24. gxf7+ Rxf7 25. Nxg5 Nf8 26. Nxf7 Qxf7 27. Bf5
Kh8 28. Qe2 N6d7 29. Bxd7 Qxd7 30. Qh5+ Kg8 31. Qg5 1-0

[Event "Skakligaen 2019-20"]
[Site "Denmark"]
[Date "2020.01.11"]
[Round "4.1"]
[White "Hector, Jonny"]
[Black "Hillarp Persson, Tiger"]
[Result "0-1"]
[WhiteElo "2478"]
[BlackElo "2542"]
[PlyCount "98"]
[EventDate "2019.11.23"]
[EventType "team-tourn"]
[EventRounds "9"]
[WhiteTeam "Nordkalotten"]
[BlackTeam "Bronshoj"]
[WhiteTeamCountry "DEN"]
[BlackTeamCountry "DEN"]

1. e4 c5 2. Nf3 d6 3. d4 cxd4 4. Nxd4 Nf6 5. Nc3 a6 6. Bg5 e6 7. f4 h6 8. Bh4
Qb6 9. Bxf6 gxf6 10. Qd2 Qxb2 11. Nb3 Qa3 12. Be2 Nc6 13. O-O Bg7 14. Qe3 O-O
15. Rad1 f5 16. exf5 exf5 17. Rd3 Nb4 18. Rd2 Be6 19. Nb1 Qa4 20. Nd4 Rfe8 21.
Qg3 Nc6 22. Nxe6 Rxe6 23. c3 Qa5 24. Kh1 Qc5 25. Bd3 Ne7 26. Qf3 Rb8 27. Bc2 b5
28. Bb3 Re4 29. Qh5 d5 30. Rd3 Rb6 31. Qh4 Rbe6 32. h3 Re3 33. Qf2 Qb6 34. Rdd1
Qc6 35. Rfe1 Rxe1+ 36. Rxe1 Rxe1+ 37. Qxe1 Qe6 38. Qd2 h5 39. Na3 Qc6 40. Qe2
Kf8 41. Nb1 h4 42. Qf2 Bf6 43. Kh2 Qd6 44. Kh1 Ng6 45. Bc2 Nxf4 46. Bxf5 Nh5
47. g4 hxg3 48. Qf3 Qe5 49. Nd2 Nf4 0-1

[Event "Skakligaen 2019-20"]
[Site "Denmark"]
[Date "2020.01.11"]
[Round "4.2"]
[White "Aagaard, Jacob"]
[Black "Jepson, Christian"]
[Result "1-0"]
[WhiteElo "2473"]
[BlackElo "2383"]
[PlyCount "41"]
[EventDate "2019.11.23"]
[EventType "team-tourn"]
[EventRounds "9"]
[WhiteTeam "Bronshoj"]
[BlackTeam "Nordkalotten"]
[WhiteTeamCountry "DEN"]
[BlackTeamCountry "DEN"]

1. e4 d6 2. d4 Nf6 3. Nc3 g6 4. Be3 c6 5. h3 Nbd7 6. f4 e5 7. Nf3 Qe7 8. Bd3
Bh6 9. Qd2 Nh5 10. fxe5 Bxe3 11. Qxe3 dxe5 12. O-O-O f6 13. Bc4 exd4 14. Qxd4
Ne5 15. Rhe1 Nxf3 16. gxf3 Be6 17. Nd5 Qf7 18. Nc7+ Qxc7 19. Bxe6 Ke7 20. Bb3
Rhd8 21. Qc4 1-0

[Event "Skakligaen 2019-20"]
[Site "Denmark"]
[Date "2020.01.11"]
[Round "4.3"]
[White "Brynell, Stellan"]
[Black "Vasli, Aref"]
[Result "1-0"]
[WhiteElo "2412"]
[BlackElo "2397"]
[PlyCount "119"]
[EventDate "2019.11.23"]
[EventType "team-tourn"]
[EventRounds "9"]
[WhiteTeam "Nordkalotten"]
[BlackTeam "Bronshoj"]
[WhiteTeamCountry "DEN"]
[BlackTeamCountry "DEN"]

1. d4 Nf6 2. Nf3 e6 3. c4 c5 4. g3 cxd4 5. Nxd4 Nc6 6. Bg2 Qb6 7. Nb3 Ne5 8.
Qc2 d6 9. O-O Bd7 10. Bf4 Rc8 11. c5 Qc7 12. Qc3 Ng6 13. Bxd6 Bxd6 14. cxd6
Qxd6 15. Qa5 Qb6 16. Qxb6 axb6 17. Na3 Bc6 18. Rac1 Ke7 19. Nc4 Nd7 20. Rfd1
Ra8 21. Bxc6 bxc6 22. Rxd7+ Kxd7 23. Nxb6+ Kc7 24. Nxa8+ Rxa8 25. a3 e5 26. Nc5
Ne7 27. Rd1 Nd5 28. e4 Nb6 29. Kf1 Ra5 30. Rc1 g6 31. Ke2 Ra8 32. Rc3 Kd6 33.
b4 Ra7 34. a4 f6 35. Kd2 Ke7 36. Kc2 Nc8 37. Kb3 Nd6 38. Rd3 h5 39. Rd1 Ra8 40.
a5 g5 41. h3 Ra7 42. Rd3 Nb5 43. Ka4 Nd6 44. f3 Nb5 45. h4 gxh4 46. gxh4 Nd6
47. Rd2 Ra8 48. Rg2 Kf7 49. Rg1 Ra7 50. Rc1 Ke7 51. Nb3 Ra6 52. Rc2 Nb5 53. Nc5
Ra8 54. Rg2 Kf7 55. Rd2 Nd4 56. f4 Rg8 57. fxe5 fxe5 58. a6 Ke7 59. Ka5 Kd6 60.
Kb6 1-0

[Event "Skakligaen 2019-20"]
[Site "Denmark"]
[Date "2020.01.11"]
[Round "4.4"]
[White "Hoi, Carsten"]
[Black "Hove, Esben Kjems"]
[Result "1-0"]
[WhiteElo "2317"]
[BlackElo "2323"]
[PlyCount "97"]
[EventDate "2019.11.23"]
[EventType "team-tourn"]
[EventRounds "9"]
[WhiteTeam "Bronshoj"]
[BlackTeam "Nordkalotten"]
[WhiteTeamCountry "DEN"]
[BlackTeamCountry "DEN"]

1. c4 c6 2. Nf3 Nf6 3. e3 d5 4. b3 Bf5 5. Nc3 e6 6. Bb2 Nbd7 7. d4 Bd6 8. Bd3
Bg6 9. Qc2 Qe7 10. O-O-O Bb4 11. Kb1 Bxd3 12. Qxd3 O-O 13. h3 Rfd8 14. Nd2 dxc4
15. Qxc4 e5 16. Nde4 Nxe4 17. Nxe4 Nb6 18. Qc2 exd4 19. Bxd4 Nd5 20. Ng3 Qe6
21. e4 Nf4 22. Nf5 Bf8 23. g3 Ng6 24. Bb2 Rxd1+ 25. Rxd1 Re8 26. f3 Ne5 27. Qc3
f6 28. g4 Nf7 29. Qe3 b6 30. h4 c5 31. h5 Nd6 32. Qd2 Rd8 33. Qf4 Rd7 34. Ne3
Nb5 35. Rxd7 Qxd7 36. Nd5 Qd6 37. Qf5 Nd4 38. Bxd4 cxd4 39. Qc8 b5 40. Kc2 Qa3
41. Kb1 Qd6 42. Qc7 Qa3 43. h6 d3 44. hxg7 Bxg7 45. Ne7+ Kf8 46. Nf5 d2 47.
Qxg7+ Ke8 48. Qg8+ Kd7 49. Qd5+ 1-0

[Event "Skakligaen 2019-20"]
[Site "Denmark"]
[Date "2020.01.11"]
[Round "4.5"]
[White "Sylvan, Jacob"]
[Black "Aabling Thomsen, Jakob"]
[Result "1/2-1/2"]
[WhiteElo "2323"]
[BlackElo "2347"]
[PlyCount "135"]
[EventDate "2019.11.23"]
[EventType "team-tourn"]
[EventRounds "9"]
[WhiteTeam "Nordkalotten"]
[BlackTeam "Bronshoj"]
[WhiteTeamCountry "DEN"]
[BlackTeamCountry "DEN"]

1. e4 c5 2. Nf3 g6 3. d4 cxd4 4. Nxd4 Nf6 5. Nc3 Nc6 6. Be3 Bg7 7. Bc4 O-O 8.
Bb3 Re8 9. h4 e6 10. Nxc6 dxc6 11. Qxd8 Rxd8 12. f3 e5 13. Kf2 Bf8 14. g4 Nd7
15. Bg5 Re8 16. h5 Nc5 17. hxg6 hxg6 18. Rh2 Bg7 19. Be3 Ne6 20. Ne2 Rd8 21. c3
b6 22. Rhh1 Bf8 23. Rhd1 Re8 24. a4 Rb8 25. Bc4 a5 26. Rd2 Be7 27. Rad1 Nc5 28.
b3 Be6 29. Bxe6 Nxe6 30. Nc1 Nc5 31. Ke2 b5 32. axb5 Rxb5 33. Bxc5 Bxc5 34. Rd8
Kf8 35. Rxe8+ Kxe8 36. Kd3 Ba3 37. Kc2 Ke7 38. Nd3 Bd6 39. Ra1 Bc7 40. Nb2 Rb8
41. Nc4 Rh8 42. Nxa5 Bxa5 43. Rxa5 Rh3 44. Rxe5+ Kd6 45. Ra5 Rxf3 46. e5+ Ke6
47. Rc5 Kd7 48. b4 Rf4 49. g5 Rg4 50. Kb3 Rg1 51. Ra5 Rg4 52. Ra7+ Kd8 53. Rxf7
Rxg5 54. Rf6 Kd7 55. c4 Rxe5 56. Rxg6 Re3+ 57. Ka4 Re4 58. c5 Re7 59. Ka5 Kc7
60. Ka6 Rh7 61. Rg8 Rf7 62. Ra8 Rf4 63. Ra7+ Kb8 64. Rb7+ Kc8 65. b5 cxb5 66.
Kb6 b4 67. Rh7 b3 68. Rh8+ 1/2-1/2

[Event "Skakligaen 2019-20"]
[Site "Denmark"]
[Date "2020.01.11"]
[Round "4.6"]
[White "Palm, Nikolaj"]
[Black "Kristensen, Kaare Hove"]
[Result "1/2-1/2"]
[WhiteElo "2282"]
[BlackElo "2345"]
[PlyCount "31"]
[EventDate "2019.11.23"]
[EventType "team-tourn"]
[EventRounds "9"]
[WhiteTeam "Bronshoj"]
[BlackTeam "Nordkalotten"]
[WhiteTeamCountry "DEN"]
[BlackTeamCountry "DEN"]

1. d4 d5 2. Nf3 c5 3. e3 Nf6 4. Be2 Bg4 5. O-O e6 6. Nbd2 Nc6 7. a3 cxd4 8.
exd4 Bd6 9. c4 O-O 10. c5 Bf4 11. b4 a6 12. Nb3 Bxc1 13. Rxc1 Bxf3 14. Bxf3 b5
15. Be2 Qc7 16. f3 1/2-1/2

[Event "Skakligaen 2019-20"]
[Site "Denmark"]
[Date "2020.01.11"]
[Round "4.7"]
[White "Jakobsen, Peter"]
[Black "Laursen, Niels Norskov"]
[Result "1/2-1/2"]
[WhiteElo "2211"]
[BlackElo "2251"]
[PlyCount "58"]
[EventDate "2019.11.23"]
[EventType "team-tourn"]
[EventRounds "9"]
[WhiteTeam "Nordkalotten"]
[BlackTeam "Bronshoj"]
[WhiteTeamCountry "DEN"]
[BlackTeamCountry "DEN"]

1. d4 Nf6 2. c4 g6 3. Nc3 d5 4. cxd5 Nxd5 5. e4 Nxc3 6. bxc3 Bg7 7. Nf3 c5 8.
Be3 Qa5 9. Qd2 O-O 10. Rc1 Rd8 11. d5 e6 12. Bg5 f6 13. Bh4 exd5 14. exd5 Nc6
15. Be2 Ne7 16. c4 Qxd2+ 17. Nxd2 Nf5 18. Bg3 Re8 19. Kd1 Bd7 20. Nb3 Ba4 21.
Bd3 Nd4 22. Rb1 f5 23. Bf4 Be5 24. Be3 Rad8 25. Kd2 Bxb3 26. axb3 a5 27. f4 Bf6
28. Bxd4 Bxd4 29. Rhe1 Kf7 1/2-1/2

[Event "Skakligaen 2019-20"]
[Site "Denmark"]
[Date "2020.01.11"]
[Round "4.8"]
[White "Greger, Roland Reinhard"]
[Black "Ejsing, Esben"]
[Result "1-0"]
[WhiteElo "2276"]
[BlackElo "2149"]
[PlyCount "125"]
[EventDate "2019.11.23"]
[EventType "team-tourn"]
[EventRounds "9"]
[WhiteTeam "Bronshoj"]
[BlackTeam "Nordkalotten"]
[WhiteTeamCountry "DEN"]
[BlackTeamCountry "DEN"]

1. e4 g6 2. d4 Bg7 3. Nc3 d6 4. Be3 a6 5. Qd2 Nd7 6. Nf3 e6 7. h4 h5 8. Ng5 b5
9. a4 b4 10. Ne2 Rb8 11. Rd1 Nh6 12. f3 b3 13. c3 d5 14. e5 Nb6 15. Nf4 Nf5 16.
Bf2 Nxa4 17. Bd3 Bh6 18. Nfh3 c5 19. Ra1 Bd7 20. dxc5 Qe7 21. O-O Nxc5 22. Bxf5
gxf5 23. Qd4 Rc8 24. Nf4 Bb5 25. Rfe1 Nd7 26. Nxd5 Qd8 27. Ne3 Bf8 28. Nxf5 Bc5
29. Nd6+ Bxd6 30. exd6 O-O 31. Rad1 Rc4 32. Qe3 Qf6 33. Rd4 Rfc8 34. Qd2 R8c6
35. Ne4 Qg6 36. Qg5 Qxg5 37. hxg5 Kg7 38. f4 Kg6 39. Red1 Rxd4 40. Rxd4 Rc8 41.
Nd2 e5 42. fxe5 Nxe5 43. Bg3 Nd7 44. Nxb3 Kxg5 45. Nd2 Kf5 46. Nf3 Rg8 47. Rf4+
Ke6 48. Nd4+ Kd5 49. Rf5+ Ke4 50. Kf2 Bc4 51. Rf4+ Kd3 52. b3 Bd5 53. c4 Be4
54. Nf3 f5 55. Bh4 Rb8 56. c5 Rxb3 57. Ne1+ Kd2 58. Bg5 Kd1 59. c6 Rb2+ 60. Kf1
Ne5 61. Rxe4 fxe4 62. c7 Re2 63. Bh4 1-0

[Event "Skakligaen 2019-20"]
[Site "Denmark"]
[Date "2020.01.11"]
[Round "4.1"]
[White "Baekgaard, Martin"]
[Black "Thybo, Jesper Sondergaard"]
[Result "0-1"]
[WhiteElo "2299"]
[BlackElo "2574"]
[PlyCount "26"]
[EventDate "2019.11.23"]
[EventType "team-tourn"]
[EventRounds "9"]
[WhiteTeam "Nordre"]
[BlackTeam "Jetsmark"]
[WhiteTeamCountry "DEN"]
[BlackTeamCountry "DEN"]

1. d4 Nf6 2. c4 e6 3. Nc3 c5 4. d5 exd5 5. cxd5 d6 6. Nf3 g6 7. Bf4 Bg7 8. Qa4+
Bd7 9. Qb3 b5 10. e3 c4 11. Qb4 O-O 12. Qxd6 Qa5 13. Be5 Ne4 0-1

[Event "Skakligaen 2019-20"]
[Site "Denmark"]
[Date "2020.01.11"]
[Round "4.2"]
[White "Rasmussen, Allan Stig"]
[Black "Petersen, Tom Petri"]
[Result "1-0"]
[WhiteElo "2559"]
[BlackElo "2309"]
[PlyCount "75"]
[EventDate "2019.11.23"]
[EventType "team-tourn"]
[EventRounds "9"]
[WhiteTeam "Jetsmark"]
[BlackTeam "Nordre"]
[WhiteTeamCountry "DEN"]
[BlackTeamCountry "DEN"]

1. e4 g6 2. d4 Bg7 3. Nf3 d6 4. Be2 Nf6 5. Nc3 O-O 6. O-O c6 7. a4 Qc7 8. Be3
e5 9. Qd2 Re8 10. dxe5 dxe5 11. Rfd1 a5 12. Bc4 Be6 13. Bxe6 Rxe6 14. Qd8+ Qxd8
15. Rxd8+ Re8 16. Rad1 Na6 17. Rxa8 Rxa8 18. Bb6 Re8 19. Bxa5 Nc5 20. Bb6 Bf8
21. Bc7 Nfxe4 22. Nxe4 Nxe4 23. Bxe5 Bc5 24. Bd4 Bxd4 25. Rxd4 Ng5 26. Kf1 Nxf3
27. gxf3 Re7 28. Re4 Rd7 29. Ke2 f5 30. Rc4 Kf7 31. a5 Ke6 32. Ke3 Rc7 33. b4
Kd7 34. Kd4 Rc8 35. Kc5 Kc7 36. b5 Re8 37. b6+ Kc8 38. f4 1-0

[Event "Skakligaen 2019-20"]
[Site "Denmark"]
[Date "2020.01.11"]
[Round "4.3"]
[White "Sloth, Jorn"]
[Black "Thogersen, Rasmus"]
[Result "1/2-1/2"]
[WhiteElo "2313"]
[BlackElo "2248"]
[PlyCount "120"]
[EventDate "2019.11.23"]
[EventType "team-tourn"]
[EventRounds "9"]
[WhiteTeam "Nordre"]
[BlackTeam "Jetsmark"]
[WhiteTeamCountry "DEN"]
[BlackTeamCountry "DEN"]

1. d4 Nf6 2. g3 g6 3. Bg2 d5 4. Nf3 Bg7 5. O-O O-O 6. c3 Nbd7 7. a4 c5 8. a5
Re8 9. Bf4 b6 10. Nbd2 bxa5 11. Nb3 cxd4 12. cxd4 Qb6 13. Rxa5 Ba6 14. Re1 e6
15. Ra2 Ne4 16. Nbd2 Nxd2 17. Qxd2 Bc4 18. Raa1 a5 19. Ne5 Nxe5 20. Bxe5 f6 21.
Bf4 Bf8 22. Rec1 Qb5 23. e4 g5 24. Be3 Reb8 25. exd5 Bxd5 26. Bf1 Qxb2 27. Rxa5
Qxc1 28. Qxc1 Rxa5 29. Bc4 Rc8 30. Qe1 Bb4 31. Bxd5 Bxe1 32. Bxe6+ Kf8 33. Bxc8
Ke7 34. Kf1 Bb4 35. Ke2 Ra1 36. Kf3 h5 37. h3 Rd1 38. Bf5 Bc3 39. Bg6 h4 40.
gxh4 gxh4 41. Bf5 Ra1 42. Ke4 Ra2 43. Bg4 Rb2 44. Bf5 Be1 45. Kf3 Kd6 46. Bc8
Kd5 47. Bf5 Bc3 48. Kg4 Bxd4 49. Kxh4 Bxe3 50. fxe3 Rg2 51. e4+ Ke5 52. Kh5
Rg5+ 53. Kh6 Rg8 54. Kh7 Rg1 55. Kh6 Kf4 56. h4 Rg2 57. h5 Rg1 58. Bg6 Rh1 59.
Bf5 Rg1 60. Bg6 Rh1 1/2-1/2

[Event "Skakligaen 2019-20"]
[Site "Denmark"]
[Date "2020.01.11"]
[Round "4.4"]
[White "Heimisson, Hilmir Freyr"]
[Black "Veng, Johnni"]
[Result "1-0"]
[WhiteElo "2234"]
[BlackElo "2253"]
[PlyCount "97"]
[EventDate "2019.11.23"]
[EventType "team-tourn"]
[EventRounds "9"]
[WhiteTeam "Jetsmark"]
[BlackTeam "Nordre"]
[WhiteTeamCountry "DEN"]
[BlackTeamCountry "DEN"]

1. d4 Nf6 2. c4 Nc6 3. d5 Ne5 4. e4 Ng6 5. h4 h5 6. Nc3 e5 7. Bg5 Bc5 8. Nge2
d6 9. Ng3 c6 10. Qd2 Bg4 11. Bd3 Ne7 12. Be3 Bxe3 13. Qxe3 Qb6 14. Qxb6 axb6
15. f3 Bd7 16. Nf1 Kd8 17. Ne3 Ne8 18. Kd2 Kc7 19. a3 Ng6 20. g3 Nf6 21. Rhc1
Rhb8 22. b4 c5 23. Rcb1 Ne7 24. Bc2 Ra7 25. bxc5 bxc5 26. Rb2 Ra6 27. a4 Ne8
28. Rg1 Nf6 29. Rbb1 Rh8 30. Nb5+ Bxb5 31. cxb5 Raa8 32. b6+ Kd8 33. Nc4 Nc8
34. a5 Ke7 35. Ra1 Nd7 36. Ba4 Nb8 37. f4 f6 38. fxe5 dxe5 39. g4 Nd6 40. Nxd6
Kxd6 41. Bb5 hxg4 42. Rxg4 Rh7 43. Kc3 Nd7 44. Bxd7 Kxd7 45. Kc4 Kd6 46. Kb5
Rc8 47. a6 bxa6+ 48. Rxa6 Rb8 49. Ra7 1-0

[Event "Skakligaen 2019-20"]
[Site "Denmark"]
[Date "2020.01.11"]
[Round "4.5"]
[White "Christensen, Jan Schleicher"]
[Black "Rosenkilde, Alexander"]
[Result "0-1"]
[WhiteElo "2177"]
[BlackElo "2252"]
[PlyCount "74"]
[EventDate "2019.11.23"]
[EventType "team-tourn"]
[EventRounds "9"]
[WhiteTeam "Nordre"]
[BlackTeam "Jetsmark"]
[WhiteTeamCountry "DEN"]
[BlackTeamCountry "DEN"]

1. d4 d5 2. c4 c6 3. Nf3 Nf6 4. Nc3 dxc4 5. a4 Bf5 6. Ne5 e6 7. g3 Bb4 8. Bg2
a5 9. O-O O-O 10. Nxc4 Nbd7 11. e4 Bg6 12. Qb3 Nb6 13. Nxb6 Qxb6 14. d5 exd5
15. exd5 Bd3 16. Be3 Qa6 17. dxc6 Bc4 18. Qc2 Bxf1 19. Rxf1 bxc6 20. Na2 Nd5
21. Bd4 Be7 22. Rc1 Bf6 23. Bxf6 Nxf6 24. Qxc6 Qxc6 25. Rxc6 Rab8 26. Rc2 Rfd8
27. Bf3 Rb3 28. Be2 Ne4 29. f3 Nd2 30. Kf2 g6 31. Nc3 Rb4 32. Ke1 Nb3 33. Bb5
Nd4 34. Rf2 Kg7 35. Kf1 Nxb5 36. axb5 Rb3 37. Rc2 Rd4 0-1

[Event "Skakligaen 2019-20"]
[Site "Denmark"]
[Date "2020.01.11"]
[Round "4.6"]
[White "Jensen, Bjarke"]
[Black "Klitgaard, Thomas"]
[Result "1-0"]
[WhiteElo "2328"]
[BlackElo "2173"]
[PlyCount "77"]
[EventDate "2019.11.23"]
[EventType "team-tourn"]
[EventRounds "9"]
[WhiteTeam "Jetsmark"]
[BlackTeam "Nordre"]
[WhiteTeamCountry "DEN"]
[BlackTeamCountry "DEN"]

1. e4 e5 2. Nf3 Nc6 3. Bb5 a6 4. Ba4 Nf6 5. O-O Be7 6. Re1 b5 7. Bb3 d6 8. c3
O-O 9. d3 Na5 10. Bc2 c5 11. Nbd2 Re8 12. Nf1 h6 13. h3 Bf8 14. Ng3 Nc6 15. d4
Bb7 16. d5 Ne7 17. Bd2 g6 18. Nh2 Bg7 19. h4 Kh7 20. f4 exf4 21. Bxf4 Nc8 22.
h5 Nd7 23. Qg4 Ne5 24. Bxe5 Bxe5 25. Rf1 Rf8 26. Rxf7+ Rxf7 27. hxg6+ Kh8 28.
gxf7 Nb6 29. Rf1 Qf8 30. Nf3 Nc4 31. Nxe5 Nxe5 32. Qe6 Bc8 33. Qf6+ Kh7 34. Bd1
Bd7 35. Nf5 Bxf5 36. Rxf5 Ra7 37. Bh5 Ra8 38. Rxe5 dxe5 39. Bg6# 1-0

[Event "Skakligaen 2019-20"]
[Site "Denmark"]
[Date "2020.01.11"]
[Round "4.7"]
[White "Nielsen, Poul Erik"]
[Black "Wiwe, Andreas"]
[Result "0-1"]
[WhiteElo "2187"]
[BlackElo "2304"]
[PlyCount "80"]
[EventDate "2019.11.23"]
[EventType "team-tourn"]
[EventRounds "9"]
[WhiteTeam "Nordre"]
[BlackTeam "Jetsmark"]
[WhiteTeamCountry "DEN"]
[BlackTeamCountry "DEN"]

1. c4 f5 2. d4 Nf6 3. g3 g6 4. Bg2 Bg7 5. Nc3 O-O 6. Nh3 Nc6 7. O-O d6 8. d5
Ne5 9. b3 Bd7 10. Bb2 a6 11. Rc1 c5 12. dxc6 bxc6 13. c5 Nf7 14. cxd6 exd6 15.
Ba3 Ne8 16. Nf4 Qa5 17. Na4 Rc8 18. b4 Qb5 19. Nc5 dxc5 20. Qxd7 Nf6 21. Qd3
Ne5 22. Qxb5 cxb5 23. Ne6 Nc4 24. Nxg7 Kxg7 25. Rc3 cxb4 26. Bxb4 Rfe8 27. Rc2
Ne4 28. Rfc1 Red8 29. a4 Rd7 30. f3 Nc5 31. axb5 axb5 32. e4 Nd3 33. Rd1 Rcd8
34. Bc3+ Kf7 35. Re2 b4 36. Ba1 b3 37. exf5 gxf5 38. Bh3 Rd5 39. Bc3 Nf4 40.
Rb1 Nxe2+ 0-1

[Event "Skakligaen 2019-20"]
[Site "Denmark"]
[Date "2020.01.11"]
[Round "4.8"]
[White "Grubert, Christian"]
[Black "Hoiberg, Nina"]
[Result "1-0"]
[WhiteElo "2133"]
[BlackElo "2187"]
[PlyCount "81"]
[EventDate "2019.11.23"]
[EventType "team-tourn"]
[EventRounds "9"]
[WhiteTeam "Jetsmark"]
[BlackTeam "Nordre"]
[WhiteTeamCountry "DEN"]
[BlackTeamCountry "DEN"]

1. e4 e5 2. Nf3 Nc6 3. Bb5 Nd4 4. Nxd4 exd4 5. O-O c6 6. Bc4 d6 7. d3 Be6 8.
Nd2 Nf6 9. c3 dxc3 10. bxc3 Be7 11. Qb3 d5 12. exd5 cxd5 13. Bb5+ Nd7 14. d4
O-O 15. Nf3 Qc7 16. Be3 a6 17. Bd3 Rfc8 18. Rfc1 Bd6 19. h3 Rab8 20. Ng5 Nf8
21. Nxe6 fxe6 22. c4 Qf7 23. cxd5 exd5 24. Rxc8 Rxc8 25. Rb1 Qc7 26. Be2 Nd7
27. Bf3 Nf6 28. Qb6 Qd7 29. Bg5 Ne4 30. Be3 Qc6 31. Qxc6 Rxc6 32. Rxb7 Rc2 33.
Rb6 Bc7 34. Rxa6 Kf8 35. g3 Nc3 36. Kg2 Nxa2 37. Bxd5 Nb4 38. Ra8+ Ke7 39. Be4
Rb2 40. Bxh7 Nd5 41. Bg5+ 1-0